Just the start (Record no. 73259)

MARC details
000 -LEADER
fixed length control field 01282cam a2200205 4500
001 - CONTROL NUMBER
control field ##ABS67010
008 - FIXED-LENGTH DATA ELEMENTS--GENERAL INFORMATION
fixed length control field 030820n2003 000 0 eng u
035 ## - SYSTEM CONTROL NUMBER
System control number (Sirsi) u123323
100 1# - MAIN ENTRY--PERSONAL NAME
Personal name Carmona, M.
245 00 - TITLE STATEMENT
Title Just the start
260 ## - PUBLICATION, DISTRIBUTION, ETC.
Date of publication, distribution, etc. 2003
490 ## - SERIES STATEMENT
Series statement Town & Country Planning
Volume/sequential designation 72(6) July 2003, 175-179(5)
520 ## - SUMMARY, ETC.
Summary, etc. Assesses the implications of the Planning and Compulsory Purchase Bill for the quality of development. Considers what other measures will be required to ensure that the planning process contributes to the delivery of a high quality environment. These include: understanding the context for quality including factors such as contextual analysis; community involvement based on a protocol; establishing a vision for quality including local actions plans and development of core strategies; encouraging and negotiating quality; controlling and delivering quality using statements of development principles, and local development orders concluding the monitoring and enforcing quality.
590 ## - LOCAL NOTE (RLIN)
Local note ABS
650 24 - SUBJECT ADDED ENTRY--TOPICAL TERM
Topical term or geographic name entry element PLANNING AND COMPULSORY PURCHASE ACT 2004
650 24 - SUBJECT ADDED ENTRY--TOPICAL TERM
Topical term or geographic name entry element STATEMENTS OF COMMUNITY INVOLVEMENT
651 #4 - SUBJECT ADDED ENTRY--GEOGRAPHIC NAME
Geographic name England
Chronological subdivision 886-
690 ## - LOCAL SUBJECT ADDED ENTRY--TOPICAL TERM (OCLC, RLIN)
Topical term or geographic name as entry element ENVIRONMENTAL AND LAND CONSULTANCY-PLANNING AND DEVELOPMENT-PLANNING GUIDANCE
942 ## - ADDED ENTRY ELEMENTS (KOHA)
Suppress in OPAC 0
Holdings
Withdrawn status Lost status Source of classification or shelving scheme Damaged status Not for loan Home library Current library Shelving location Date acquired Total Checkouts Full call number Barcode Date last seen Copy number Price effective from Koha item type
    Dewey Decimal Classification     London London Journal article 20/08/2003   ABS67010 123323-1001 06/08/2019 1 06/08/2019 Journal article